000 00619nam a2200205Ia 4500
001 14493
003 IVS
005 20250626030529.0
008 211022s9999 xx 000 0 und d
040 _cIVS
082 _a700 BAN
100 _aBaneen Fatima
245 4 _aThe benefits of art education and importance of it as a subject in primary and secondary schools of Karachi
260 _aKarachi
260 _bIndus Valley School of Art & Architecture
260 _c2019
300 _a33
856 _uhttps://drive.google.com/file/d/1hbFGG_11-NhyBuJqFO4AW0VP-2Otue3T/view?usp=sharing
942 _cDISS
_n0
_2ddc
999 _c10083
_d10083